Africa in the Bengali imagination : from Calcutta to Kampala, 1928-1973 /

"This book examines textual representations of Africa in the Indian imagination from 1928 to 1973. It critically analyses Bengali literature during this period, their imitation of colonial racial prejudices and how it allowed Bengalis to fashion their identity. It analyses the development of &#...

Cur síos iomlán

Sonraí bibleagrafaíochta
Príomhchruthaitheoir: Mowtushi, Mahruba T. (Údar)
Formáid: LEABHAR
Teanga:English
Foilsithe / Cruthaithe: Abingdon, Oxon ; New York : Routledge, Taylor & Francis Group, 2025.
Ábhair:
Classic Catalogue: View this record in Classic Catalogue
LEADER 04000nam a2200385 i 4500
001 44436
003 BD-DhAAL
005 20250729114337.0
008 250518t2025 nyuab b 001 0 eng
010 |a  2024018997 
020 |a 9781032535531 
020 |a 9780429295621 
040 |a DLC  |b eng  |c DLC  |e rda  |d DLC  |d BD-DhAAL 
042 |a pcc 
043 |a f------ 
050 0 0 |a PK1708 
082 0 4 |a 891.44093586  |2 23 
100 1 |a Mowtushi, Mahruba T.,  |e author.  |9 58301 
245 1 0 |a Africa in the Bengali imagination :  |b from Calcutta to Kampala, 1928-1973 /  |c Mahruba T. Mowtushi. 
264 1 |a Abingdon, Oxon ;  |a New York :  |b Routledge, Taylor & Francis Group,  |c 2025. 
300 |a xi, 251 pages :  |b illustrations, map ;  |c 23 cm. 
504 |a Includes bibliographical references and index. 
505 0 |a Introduction -- The Replenishment of Bengal: Bibhutibhusan Bandyopadhyay's African Adventure Novel, Chander Pahar (1933) -- Space, Place and the Body: The Nationalist Bhadrolok in Hemendrakumar Roy's African Story, Abar Jakher Dhan (1933) -- 'A Call to Duty': Rabindranath Tagore on Africa -- Ganesh Bagchi and the Narratives of Longing and Belonging in Uganda, 1948-1964 -- Nations and nationalities in Transition: The Poems of Rajat Neogy for Transition Magazine, 1962-1973 -- Conclusion. 
520 |a "This book examines textual representations of Africa in the Indian imagination from 1928 to 1973. It critically analyses Bengali literature during this period, their imitation of colonial racial prejudices and how it allowed Bengalis to fashion their identity. It analyses the development of 'Africa' as an idea and historical reality through the writings of five Bengali writers including, the Bengali novelist Bibhutibhusan Bandapadhyay, the children's author Hemendrakumar Roy, the poet and philosopher Rabindranath Tagore, the playwright Ganesh Bagchi and the surrealist poet and founding editor of Transition magazine Rajat Neogy. The book shows how these writers engage with the idea of Africa and their influence in the construction of the Bengali cultural identity during the freedom struggle, the Partition of Bengal in 1947 and the creation of Bangladesh in 1971. The book offers readers a glimpse of the exotic imaginary locales of Africa while offering an in-depth look into the interconnected histories, cartographic routes and cultural exchange between India and Africa. A first of its kind, this book will be an excellent read for students and scholars of literature, comparative literature, history, cultural studies, post-colonial studies, South Asian studies, African studies and diaspora studies"-- 
526 |a ENH  |x Dr. Mahruba T. Mowtushi Associate Professor Department of English and Humanities Course Type : Reference Book 
541 |a Hye Trade International  |e 44436, 44437, 44438 
650 0 |a Bengali literature  |y 20th century  |x History and criticism. 
650 0 |a Bengali (South Asian people)  |z Africa.  |9 58302 
651 0 |a Africa  |x In literature.  |9 58303 
852 |a Ayesha Abed Library  |c General Stacks 
942 |2 ddc  |c BK 
999 |c 47195  |d 47195 
952 |0 0  |1 0  |2 ddc  |4 0  |6 891_440935860000000_MOW  |7 0  |9 77779  |a BRACUL  |b BRACUL  |c GEN  |d 2025-05-15  |e Hye Trade International  |g 1947.00  |l 1  |m 1  |o 891.44093586 MOW  |p 3010044438  |r 2025-10-24  |s 2025-10-08  |t 3  |v 1947.00  |w 2025-05-15  |y BK  |x Requisitioned by Dr. Mahruba T. Mowtushi, Associate Professor ENH Ref. Book. 
952 |0 0  |1 0  |2 ddc  |4 0  |6 891_440935860000000_MOW  |7 0  |9 77780  |a BRACUL  |b BRACUL  |c NEW  |d 2025-05-15  |e Hye Trade International  |g 1947.00  |l 1  |m 9  |o 891.44093586 MOW  |p 3010044436  |q 2025-11-18  |r 2025-08-13  |s 2025-08-13  |t 1  |v 1947.00  |w 2025-05-15  |y BK  |x Requisitioned by Dr. Mahruba T. Mowtushi, Associate Professor, Department of English and Humanities ; 
952 |0 0  |1 0  |2 ddc  |4 0  |6 891_440935860000000_MOW  |7 0  |9 77781  |a BRACUL  |b BRACUL  |c GEN  |d 2025-05-15  |e Hye Trade International  |g 1947.00  |l 0  |o 891.44093586 MOW  |p 3010044437  |r 2025-05-15  |t 2  |v 1947.00  |w 2025-05-15  |y BK  |x Requisitioned by Dr. Mahruba T. Mowtushi, Associate Professor ENH Ref. Book.